000 00472 a2200169 4500
003 OSt
005 20231223110500.0
008 231223b |||||||| |||| 00| 0 eng d
020 _a9788170558492
040 _coclc
082 _a891.43
_bSHA/S
100 _aShambhunath
_910186
245 _aSABHYATA SE SAMVAD /
_cShambhunath
260 _aNew Delhi:
_bVani Prakashan,
_c2008.
300 _a222p
942 _2ddc
_cBK
_h891.43
_iSHA/S
_k891.43
_mSHA/S
999 _c43539
_d43539